[Event "Moscow Itkin Memorial"]
[Site "Moscow"]
[Date "2012.08.20"]
[Round "4"]
[White "Budueva, Kristina"]
[Black "Chadaeva, Tatiana"]
[Result "1-0"]
[WhiteElo "1952"]
[BlackElo "1868"]
[PlyCount "53"]
[EventDate "2012.08.12"]
[EventType "swiss"]
[EventRounds "9"]
[EventCountry "RUS"]
[SourceTitle "EXT 2022"]
[Source "ChessBase"]
[SourceDate "2021.10.06"]
[SourceVersion "1"]
[SourceVersionDate "2021.10.06"]
[SourceQuality "1"]

1. e4 e5 2. Nf3 Nc6 3. Bb5 a6 4. Ba4 Nf6 5. d3 Bc5 6. c3 b5 7. Bb3 d6 8. a4 Bb7 9. Nbd2 0-0 10. Nf1 Bb6 11. Bg5 Nb8 12. Ne3 c6 13. 0-0 Nbd7 14. Nf5 Qc7 15. N3h4 g6 16. Nh6+ Kg7 17. Kh1 d5 18. Qe2 c5 19. Bc2 dxe4 20. dxe4 Nh5 21. N4f5+ Kh8 22. Be7 Nf4 23. Qd2 Rfe8 24. Nxf7+ Kg8 25. N7h6+ Kh8 26. Qxd7 Rxe7 27. Qxe7 1-0

[Event "Dmitrov op"]
[Site "Dmitrov"]
[Date "2011.08.02"]
[Round "9"]
[White "Rudenok, Tatiana"]
[Black "Budueva, Kristina"]
[Result "1/2-1/2"]
[WhiteElo "2008"]
[BlackElo "1910"]
[PlyCount "121"]
[EventDate "2011.07.29"]
[EventType "swiss"]
[EventRounds "9"]
[EventCountry "RUS"]
[SourceTitle "CBM 143 Extra"]
[Source "ChessBase"]
[SourceDate "2011.08.29"]
[SourceVersion "1"]
[SourceVersionDate "2011.08.29"]
[SourceQuality "1"]

1. e4 e5 2. Bc4 Nc6 3. d3 Bc5 4. Nc3 d6 5. Nge2 Nf6 6. 0-0 0-0 7. Bg5 h6 8. Bh4 Be6 9. Nd5 g5 10. Bg3 a6 11. Kh1 Nd4 12. Nxd4 Bxd4 13. c3 Ba7 14. Bb3 Nxd5 15. exd5 Bf5 16. f3 Qf6 17. Bf2 Bxf2 18. Rxf2 Rfe8 19. Qd2 Bg6 20. Re1 Qf5 21. Bc2 Qd7 22. c4 f6 23. d4 Bxc2 24. Qxc2 Qh7 25. dxe5 Qxc2 26. Rxc2 Rxe5 27. Rxe5 fxe5 28. c5 dxc5 29. Rxc5 Rd8 30. Rxc7 Rxd5 31. h3 Ra5 32. Rxb7 Rxa2 33. Kh2 Ra4 34. Kg3 a5 35. Rb5 Kg7 36. Rxe5 Rb4 37. Rxa5 Rxb2 38. Ra4 Kg6 39. h4 Rc2 40. Ra6+ Kh7 41. hxg5 hxg5 42. Kh3 Rf2 43. Ra3 Kg6 44. g3 Rb2 45. Ra6+ Kf7 46. Kg4 Rb5 47. f4 gxf4 48. gxf4 Rc5 49. Rh6 Kg7 50. Re6 Kf7 51. Re2 Kf6 52. Re8 Kf7 53. Re2 Kf6 54. Rh2 Ra5 55. Rh6+ Kg7 56. Re6 Kf7 57. f5 Ra1 58. Re3 Kf6 59. Re6+ Kf7 60. Re3 Kf6 61. Re6+ 1/2-1/2

[Event "Dmitrov op"]
[Site "Dmitrov"]
[Date "2011.08.01"]
[Round "7"]
[White "Chadaeva, Tatiana"]
[Black "Budueva, Kristina"]
[Result "1/2-1/2"]
[WhiteElo "1844"]
[BlackElo "1910"]
[PlyCount "41"]
[EventDate "2011.07.29"]
[EventType "swiss"]
[EventRounds "9"]
[EventCountry "RUS"]
[SourceTitle "CBM 143 Extra"]
[Source "ChessBase"]
[SourceDate "2011.08.29"]
[SourceVersion "1"]
[SourceVersionDate "2011.08.29"]
[SourceQuality "1"]

1. d4 d5 2. Bf4 Nf6 3. e3 c5 4. c3 Nc6 5. Nd2 e6 6. Ngf3 Bd6 7. Bxd6 Qxd6 8. Bd3 0-0 9. 0-0 h6 10. Re1 b6 11. Bc2 Bb7 12. e4 dxe4 13. Nxe4 Nxe4 14. Bxe4 Rad8 15. dxc5 Qxc5 16. Qe2 Qe7 17. Rad1 Na5 18. Bxb7 Nxb7 19. Ne5 Qc7 20. h3 Nc5 21. Ng4 1/2-1/2

[Event "Moscow op (Women)"]
[Site "Moscow"]
[Date "2009.02.01"]
[Round "2"]
[White "Munguntuul, Batkhuyag"]
[Black "Budueva, Kristina"]
[Result "1-0"]
[WhiteElo "2425"]
[BlackElo "1400"]
[PlyCount "69"]
[EventDate "2009.01.31"]
[EventType "swiss"]
[EventRounds "9"]
[EventCountry "RUS"]
[SourceTitle "EXT 2012"]
[Source "ChessBase"]
[SourceDate "2011.11.24"]
[SourceVersion "1"]
[SourceVersionDate "2011.11.24"]
[SourceQuality "1"]

1. d4 d5 2. Nf3 Nf6 3. e3 e6 4. Bd3 c5 5. b3 Nc6 6. 0-0 cxd4 7. exd4 Be7 8. c3 0-0 9. Nbd2 b6 10. Re1 Bb7 11. Nf1 Rc8 12. Bd2 a6 13. a4 Bd6 14. Ng3 Re8 15. Ne5 Bxe5 16. dxe5 Nd7 17. Qh5 Nf8 18. Rad1 Ne7 19. Qe2 Ra8 20. h4 Nf5 21. Bxf5 exf5 22. Nxf5 Ng6 23. Qg4 Bc8 24. h5 Qd7 25. e6 Rxe6 26. hxg6 hxg6 27. Rxe6 Qxe6 28. Re1 Qxf5 29. Re8+ Kh7 30. Qh4+ Qh5 31. Qd8 Qd1+ 32. Be1 g5 33. Qxg5 g6 34. Qf6 Bb7 35. Qh8# 1-0